|
|
|
|
| LEADER |
01925nam a2200433 i 4500 |
| 001 |
EBC3572439 |
| 003 |
MiAaPQ |
| 005 |
20200520144314.0 |
| 006 |
m o d | |
| 007 |
cr cnu|||||||| |
| 008 |
150825t20152015nyuao ob 001 0 eng d |
| 020 |
|
|
|z 9783110403725
|
| 020 |
|
|
|a 9783110403732
|q (electronic bk.)
|
| 035 |
|
|
|a (MiAaPQ)EBC3572439
|
| 035 |
|
|
|a (Au-PeEL)EBL3572439
|
| 035 |
|
|
|a (CaPaEBR)ebr11088186
|
| 035 |
|
|
|a (OCoLC)940511506
|
| 040 |
|
|
|a MiAaPQ
|b eng
|e rda
|e pn
|c MiAaPQ
|d MiAaPQ
|
| 050 |
|
4 |
|a NA2500
|b .A767 2015
|
| 082 |
0 |
|
|a 720.1
|2 23
|
| 100 |
1 |
|
|a Armstrong, Rachel,
|e author.
|
| 245 |
1 |
0 |
|a Vibrant architecture :
|b matter as a codesigner of living structures /
|c Rachel Armstrong ; managing editor, Monika Michalowicz ; associate editor, Davina Jackson.
|
| 264 |
|
1 |
|a [Hawthorne, New York] :
|b De Gruyter Open,
|c 2015.
|
| 264 |
|
4 |
|c 2015
|
| 300 |
|
|
|a 1 online resource (384 pages) :
|b color illustrations, photographs
|
| 336 |
|
|
|a text
|2 rdacontent
|
| 337 |
|
|
|a computer
|2 rdamedia
|
| 338 |
|
|
|a online resource
|2 rdacarrier
|
| 504 |
|
|
|a Includes bibliographical references and index.
|
| 588 |
|
|
|a Description based on online resource; title from PDF title page (ebrary, viewed August 24, 2015).
|
| 590 |
|
|
|a Electronic reproduction. Ann Arbor, MI : ProQuest, 2016. Available via World Wide Web. Access may be limited to ProQuest affiliated libraries.
|
| 650 |
|
0 |
|a Architecture
|x Philosophy.
|
| 650 |
|
0 |
|a Sustainable architecture.
|
| 655 |
|
4 |
|a Electronic books.
|
| 700 |
1 |
|
|a Michalowicz, Monika,
|e editor.
|
| 700 |
1 |
|
|a Jackson, Davina,
|e editor.
|
| 776 |
0 |
8 |
|i Print version:
|a Armstrong, Rachel.
|t Vibrant architecture : matter as a codesigner of living structures.
|d [Hawthorne, New York] : De Gruyter Open, c2015
|h xii, 370 pages
|z 9783110403725
|
| 797 |
2 |
|
|a ProQuest (Firm)
|
| 856 |
4 |
0 |
|u https://ebookcentral.proquest.com/lib/matrademy/detail.action?docID=3572439
|z Click to View
|